000 00788nam a2200181Ia 4500
008 100921s9999 xx 000 0 und d
082 _b34036
_a294.592 न 00
100 _aदेशपांडे पांडुरंग रामचंद्र.
245 _aपांडुरंगाची गीता.
260 _bमहाराष्ट्र ग्रंथ भांडार,कोल्हापूर.
_c2000
300 _a120
_b---
365 _b50
520 _aधर्म-पवित्र ग्रंथ-व्यिक्त.
630 _aपांडुरंगाची गीता.
650 _aधर्म-पवित्र ग्रंथ-व्यिक्त.
730 _aपांडुरंगाची गीता.
942 _cBOOK
999 _c783149
_d783146